| 000 | 00751nam a2200205 i 4500 | ||
|---|---|---|---|
| 001 | 150255 | ||
| 003 | ES-MaACL | ||
| 005 | 20250811051508.0 | ||
| 008 | 071029m19721973sp |||| | spa d | ||
| 100 | 1 |
_aVachet, André. _9112378 |
|
| 245 | 1 | 3 |
_aLa ideología liberal / _cAndré Vachet ; [traductores Pablo Fernández Albadalejo, Valentina Fernández Vargas, Manuel Pérez Ledesma]. |
| 260 |
_a[Madrid] : _bFundamentos, _c[1972-1973] |
||
| 300 |
_a2 v. ; _c19 cm. |
||
| 650 | 0 | 7 |
_aLiberalismo _2embne _914386 |
| 700 | 1 |
_aFernández Albaladejo, Pablo, _d1946- _949444 |
|
| 700 | 1 |
_aFernández Vargas, Valentina. _950147 |
|
| 700 | 1 |
_aPérez Ledesma, Manuel, _d1944-2018 _990962 |
|
| 852 |
_aES-MaACL _jC-54285-86 |
||
| 999 |
_c150255 _d150255 |
||